Statistics for Aerial Combat Fighter Jets

Click here to take the quiz!

General Stats

  • This quiz has been taken 265 times
  • The average score is 8 of 17

Answer Stats

HintAnswer% Correct
General DynamicsF-16 Fighting Falcon
94%
Lockheed MartinF-16V
94%
Lockheed MartinF-22 Raptor
93%
Lockheed MartinF-35 Lightning II
93%
McDonnell DouglasF/A-18 Hornet
85%
Northrop GrummanF-14
68%
Fairchild RepublicA-10 Thunderbolt
62%
Northrop GrummanB-2 Bomber
48%
McDonnell DouglasF-15E Strike Eagle
33%
LockheedSR-71 Blackbird
29%
Boeing-LockheedC-130 Hercules
23%
BoeingC-17 Globemaster IIII
20%
LockheedU-2
18%
Lockheed MartinAC-130J
17%
BoeingEA-18G Growler
11%
British Aerospace EAPEurofighter Typhoon
9%
BoeingC-40 Clipper
3%

Score Distribution

Percentile by Number Answered

Percent of People with Each Score

Your Score History

You have not taken this quiz